Auditoría (Registro nro. 2109)

Detalles MARC
000 -LEADER
fixed length control field 01035 a2200205 4500
001 - CONTROL NUMBER
control field 30682
005 - DATE AND TIME OF LATEST TRANSACTION
control field 20260407155616.0
008 - FIXED-LENGTH DATA ELEMENTS--GENERAL INFORMATION
fixed length control field 260407a1975 arg spa d
003 - CONTROL NUMBER IDENTIFIER
control field AR-UNSa-BCEJYS
040 ## - CATALOGING SOURCE
Original cataloging agency AR-UNSa-BCEJYS
Language of cataloging spa
Transcribing agency AR-UNSa-BCEJYS
080 ## - UNIVERSAL DECIMAL CLASSIFICATION NUMBER
Universal Decimal Classification number 657.6
Common auxiliary subdivision Auditoria (control interno)
100 1# - MAIN ENTRY--PERSONAL NAME
Personal name Kohler, Eric L.
245 10 - TITLE STATEMENT
Title Auditoría
Name of part/section of a work Introducción a la práctica de la contaduria pública
264 #1 - PRODUCTION, PUBLICATION, DISTRIBUTION, MANUFACTURE, AND COPYRIGHT NOTICE
Place of production, publication, distribution, manufacture México :
Name of producer, publisher, distributor, manufacturer Diana
Date of production, publication, distribution, manufacture, or copyright notice 1975
300 ## - PHYSICAL DESCRIPTION
Extent 629 p.
Dimensions 24 cm.
505 ## - FORMATTED CONTENTS NOTE
Formatted contents note 1. El significado de auditoría - 2. La mecánica de la auditoría - 3. Planeación de la auditoría - 4. La revisión de procedimientos - 5. Operaciones - 6. Disponibilidades - 7. Cuentas por cobrar - 8. Inventarios - 9. Inversiones, cargos diferidos, intangibles - 10. Activo fijo - 11. Depreciación - 12. Pasivo - 13. Capital pagado,superávit - 14. La auditoría detallada - 15. Terminación de la auditoría ,estados financieros - 16. Informes.
590 ## - LOCAL NOTE (RLIN)
Local note niveau_biblio:m niveau_hierar:0
700 1# - ADDED ENTRY--PERSONAL NAME
Personal name Balarezo, Jorge
942 ## - ADDED ENTRY ELEMENTS (KOHA)
Koha item type
Existencias
Withdrawn status Lost status Damaged status Not for loan Home library Current library Shelving location Date acquired Total checkouts Full call number Barcode Date last seen Price effective from Koha item type
        Biblioteca Prof. Eusebio Cleto del Rey Biblioteca Prof. Eusebio Cleto del Rey   07/04/2026   657.6 K79 L13424 07/04/2026 07/04/2026 Libro